00000000nam 2200000zi 4500
0019.922192
003CaOODSP
00520250611123630
006m     o  d f      
007cr |n|||||||||
008230503e197509##oncdo   ob   f000 0 eng d
040 |aCaOODSP|beng|erda|cCaOODSP
043 |an-cn---
0861 |aA58-4/550E-PDF
1001 |aTimbers, G. E. |q(Gordon Ernest), |d1940- |eauthor.
24510|aSpecific heat of beeswax and thermal analysis of beeswax and beeswax-paraffin mixtures / |cG.E. Timbers, T.A. Gochnauer, G.D. Robertson.
264 1|aOttawa, Ontario : |bEngineering Research Service, Agriculture Canada, Research Branch, |cSeptember 1975.
300 |a1 online resource (ii, 20 pages) : |bcharts, photographs
336 |atext|btxt|2rdacontent
337 |acomputer|bc|2rdamedia
338 |aonline resource|bcr|2rdacarrier
4901 |aContribution ; |vno. 550
500 |a"Report number 6906-550."
504 |aIncludes bibliographical references (page 13).
520 |a"Thermal analysis (D.T.A., T.G.A. and DSC) has been used to .Characterize the changes occurring in many products during temperature changes. These techniques can detect endo and exothermic reactions, phase changes or other occurrences which involve thermal energy changes. These methods can be used to characterize and identify materials and detect purity or composition changes"--Introduction, page [1].
650 0|aBeeswax|zCanada.
650 6|aCire d'abeille|zCanada.
7101 |aCanada. |bAgriculture Canada. |bEngineering Research Service, |eissuing body.
830#0|aContribution (Canada. Agriculture Canada. Engineering Research Service)|vno. 550.|w(CaOODSP)9.921188
85640|qPDF|s13.46 MB|uhttps://publications.gc.ca/collections/collection_2023/aac-aafc/A58-4-550-eng.pdf